Последними дорогами генерала Ефремова: По следам вяземской трагедии 1942 г.

Bibliografiske detaljer
Hovedforfatter: Капусто Ю. Б. Юлия Борисовна
Sprog:russisk
Udgivet: Москва, Политиздат, 1992
Fag:
Format: MixedMaterials Bog
KOHA link:https://koha.lib.tpu.ru/cgi-bin/koha/opac-detail.pl?biblionumber=169338

MARC

LEADER 00000nam0a2200000 4500
001 169338
005 20231031163401.0
010 |a 5250015891 
020 |a RU  |b 92-3964 
035 |a (RuTPU)RU\TPU\book\183692 
090 |a 169338 
100 |a 20091111d1992 m y0rusy5003 ca 
101 0 |a rus 
102 |a RU 
105 |a a z 000zy 
200 1 |a Последними дорогами генерала Ефремова  |e По следам вяземской трагедии 1942 г.  |f Ю. Б. Капусто 
210 |a Москва  |c Политиздат  |d 1992 
215 |a 286,[2] с.  |d 21 см 
600 1 |a Ефремов  |b М. Г.  |g Михаил Григорьевич 
610 1 |a Великая Отечественная война 1941-1945 гг. 
610 1 |a битва под Москвой 
610 1 |a военные операции 
610 1 |a Вязьма 
686 |a Т3(2)722  |2 rubbk 
700 1 |a Капусто  |b Ю. Б.  |g Юлия Борисовна  |4 070 
801 0 |a RU  |b RuMRKP  |c 19950417  |g psbo 
801 1 |a RU  |b 63413507  |c 20091111 
801 2 |a RU  |b 63413507  |c 20140303  |g RCR 
942 |c BK